000 00292nam a22001337a 4500
008 170712b xxu||||| |||| 00| 0 eng d
020 _a9780323041348
041 _aeng
080 _a61
100 _a4
101 _aSHM
245 _aFERRI'S CLINICAL ADVISOR
_cFERRI, F.F
942 _2udc
_cBK
999 _c20306
_d20306